Výskyt diabetu, hypernizulinismu a dalších rizikových faktorů aterosklerózy u pacientů s perniciózní anémií

Bibliographic Details
Main Authors: Kessler, Petr (Author), Veberová, J. (Author), Bradáčková, I. (Author)
Format: Article
Language:Slovak
Czech
PhysicalDescription:Tab.
ISSN:0042-773X
Subjects:

MARC

LEADER 00000nab a2200000 a 4500
001 vtls000667352
003 SK-MaSNL
005 20260304083548.0
008 250425c1998 xo 0 slo
015 |a SNBRB1998/07-19634 
035 |a CLN000019534 
035 |a urn:nbn:sk:snk-abaihh 
035 |a (urnnbn)urn:nbn:sk:snk:ar-a09zub 
035 |a (uuid)e397d08d-c3cd-4d80-b71c-a777b20e426d 
040 |a SNKBUCL  |b slo  |c SNKBUCL  |e AACR2 
041 0 |a cze 
044 |a xo  |c SK 
080 |a 616.379-008.64  |2 1997 
080 |a 616.155.194  |2 1997 
080 |a 616.13-004.6  |2 1997 
100 1 |a Kessler, Petr  |4 aut  |9 604446 
245 1 0 |a Výskyt diabetu, hypernizulinismu a dalších rizikových faktorů aterosklerózy u pacientů s perniciózní anémií  |c P. Kessler, J. Veberová, I. Bradáčková 
300 |b Tab. 
504 |a Res. angl., čes. Bibliogr. odkazy 
650 0 7 |a dietoterapia  |2 snkbucl  |a Diabetes mellitus  |9 844265 
650 0 7 |a hyperinzulinizmus  |2 snkbucl  |9 1322324 
650 0 7 |a perniciózna anémia  |2 snkbucl  |9 14980 
650 0 7 |a ateroskleróza  |2 snkbucl  |9 2428 
655 7 |a články z novín a časopisov  |2 snkbucl  |9 267496 
700 1 |a Veberová, J.  |4 aut  |9 1374471 
700 1 |a Bradáčková, I.  |4 aut  |9 1374472 
773 0 |t Vnitřní lékařství  |g Roč. 44, č. 4 (1998), s. 22-226  |x 0042-773X 
850 |a Slovenská národná knižnica 
852 |a Slovenská národná knižnica 
954 |a odborná, vedecká literatúra cudzojazyčná (svetová)  |2 lita 
958 |a article14 
958 |a NB 
958 |a OND 
958 |a EUIPO 
999 |c 2800849  |d 2802779